000 00725nam a2200289Ia 4500
005 20260324135712.0
008 008 260324s9999 xx 000 0 eng d
020 _a9781315235349
037 _aEBOOK
040 _aCRL
040 _beng
040 _cCRL
041 _2eng
041 _aeng
084 _qCRL
100 _aPaul Taylor; Sam Daws
_91201578
245 0 _aUnited Nations, Volumes I and II
245 0 _bVolume I: Systems and Structures Volume II: Functions and Futures
260 _bTaylor and Francis
260 _c2000
365 _a
365 _b570
856 _uhttp://www.taylorfrancis.com/books/9781315235349
942 _cEBOOK
999 _c1802953
_d1802953